00458 2200169 4500001002100000005001500021008004100036035001900077041000700096082000800103090001400111100002400125245005500149260003300204300002700237650002400264INLIS00000000001211620241224114314241224||||||||| | ||| |||| || |  0010-1224012116 aid0 a658 a658 BAM p0 aBambang Tri Cahyono00aPemasaran Strategi: Pendekatan Keunggulan Bersaing aJakartabBadan Penerbit IPWI a27x20 cm, vi, 96 hlm.; 0aPemasaran Strategik